000
00344nam a2200133Ia 4500
008
230411s9999 xx 000 0 und d
041
_a
eng
082
_a
N/613.2/SOH/B07689
100
_a
Sohi Darshan
245
_a
Examination Master in Nutrition
260
_b
S Vikas and Co
_a
Jalandhar
_c
2012
300
_a
192p
999
_c
157782
_d
157782